000 00735nam a2200265Ia 4500
003 OSt
005 20221006143700.0
006 a|||||r|||| 00| 0
007 ta
008 221006b |||||||| |||| 00| 0 eng d
020 _c143.23
024 _a9,644
037 _cTextual
040 _aEASL
_cEASL
_beng
041 _2eng
_aeng
082 _aX:9F.41.N83, M4
100 _aSHERIDAN Mary Ed.
_9650234
245 0 _aLives
_b Chinese working women
260 _aBloomington
_bIndiana University press
_c1984
300 _a258p.
_ccm.
490 _v CEL
700 _a SALAFF Janet W Ed.
_9650235
942 _hX:9F.41.N83, M4
_cTEXL
_2CC
999 _c1077730
_d1077730